| 000 | 00475nam a2200193Ia 4500 | ||
|---|---|---|---|
| 005 | 20240823031219.0 | ||
| 008 | 240823s9999||||xx |||||||||||||| ||und|| | ||
| 020 | _a978-0-07-068175-0 | ||
| 041 | _aENGLISH | ||
| 082 | _A574.192 Q0 | ||
| 100 | _aRastogi S C | ||
| 245 | 0 | _aBio chemistry | |
| 250 | _a3rd | ||
| 260 |
_c2010 _b"Mcgral-Hill International,New york" |
||
| 500 | _aTRANSFERED | ||
| 650 |
_aBiochemistry _bBio Medical Engg. |
||
| 942 | _cBK | ||
| 999 |
_c190536 _d190536 |
||